000 00421nam a2200181Ia 4500
003 0100
008 130303s9999 xx 000 0 und d
040 _cARRUPELIB
050 _aBV800.C53
100 _aClark, Neville
245 3 _aAn approach to the theology of the sacraments
260 _aLondon
260 _bSCM Pr.
260 _C1956
300 _a96p
650 _bMysticism -- Catholic Church
942 0 0 _01
999 _c50805
_d50805